Multiple-Choice-Stadtquiz Gotha - Statistiken

Allgemein
  • Dieses Quiz wurde 8 mal gespielt
  • Das Durchschnittsergebnis liegt bei 6 aus 10
Antwortstatistiken
Frage Antwort % Korrekt
In welchem Bundesland liegt Gotha? Thüringen
100%
Wieviele Einwohner hat Gotha etwa? 50.000
75%
Die Herren von Sachsen-Coburg und Gotha stellten Könige dieses Königreichs England
75%
Welche 2 Städte liegen am nächsten zu Gotha? Erfurt und Eisenach
63%
Wie heißt das Schloss im Herzen Gothas? Friedenstein
63%
Wie heißt eine Spezialität aus Gotha? Gothaer Kranz
63%
Welches Gebirge liegt in der Nähe Gothas? Thüringer Wald
63%
Und was streckt sich von diesem Schloss bis in die Altstadt runter? Brunnen
38%
Wie heißt das berühmte Theater in diesem Schloss? Ekhof-Theater
13%
Wie heißt die Straßenbahn Gothas? Thüringerwaldbahn
13%
Keine übereinstimmenden Quizze gefunden
Verteilung der Resultate
Anzahl Personen mit jedem Resultat
Perzentil nach korrekt beantworteten Fragen
Ihre Resultats-Entwicklung
Sie haben dieses Quiz noch nicht gespielt